Touch
| Format: | Book |
|---|---|
| Subjects: |
MARC
| LEADER | 00000cam a2200000 7i4500 | ||
|---|---|---|---|
| 001 | 0000005819 | ||
| 002 | 000006291 | ||
| 005 | 20000330.0 | ||
| 020 | |a 0863184626 | ||
| 090 | 0 | 0 | |a 001 |b FIR |
| 245 | 0 | 0 | |a Touch |
| 650 | 0 | 0 | |a Touch |x Juvenile literature |
| 999 | |a 031091 |b BUKU |c PINJAMAN |e PERPUSTAKAAN KOMUNITI PETALING JAYA | ||